| 000 | 00731nam a2200241 i 4500 | ||
|---|---|---|---|
| 001 | 11614 | ||
| 003 | ES-MaACL | ||
| 005 | 20230906150134.0 | ||
| 007 | t| | ||
| 008 | 900824s1988 sp a ||||0| spa d ..| | ||
| 015 | _a1990-JUN-11995 | ||
| 016 | 7 | _zSAB9000088105 | |
| 020 | _a84-7207-052-2 | ||
| 040 |
_aM-BN-DP _bspa _cM-BN-DP |
||
| 080 | _a551.1 | ||
| 100 | 1 |
_aAnguita Virella, Francisco. _921773 |
|
| 245 | 1 | 0 |
_aOrigen e historia de la Tierra / _cFrancisco Anguita Virella. |
| 260 |
_aMadrid : _bRueda, _cD.L. 1988. |
||
| 300 |
_aXIV, 525 p., [1] h. pleg : _bil. col. y n ; _c24 cm. |
||
| 504 | _aBibliografía: p. 507-522. | ||
| 651 |
_aTierra (Planeta)- _xOrigen. _917538 |
||
| 852 |
_aES-MaACL _jL-18975 _bR.124995 |
||
| 999 |
_c11614 _d11614 |
||